[Event "Sinquefield Cup"]
[Site "Saint Louis USA"]
[Date "2023.11.28"]
[EventDate "2023.11.21"]
[Round "7.1"]
[Result "1-0"]
[White "Fabiano Caruana"]
[Black "Wesley So"]
[WhiteElo "2765"]
[BlackElo "2753"]
[PlyCount "50"]

1. d4 Nf6 2. c4 e6 3. Nc3 Bb4 4. e3 c5 5. Ne2 d5 6. a3 Ba5 7. dxc5 dxc4 8.
Bd2 Nbd7 9. Ng3 b6 10. Qf3 Rb8 11. c6 Ne5 12. Qf4 Bxc3 13. Bxc3 Nxc6 14.
Rd1 Qe7 15. Bxc4 b5 16. Bxf6 Qxf6 17. Qd6 e5 18. Bxf7+ Kxf7 19. Qc7+ Qe7
20. Qxc6 Bb7 21. Qxb5 Bxg2 22. Qc4+ Kf8 23. Nf5 Qf6 24. Qc5+ Kg8 25. Qc7
1-0